[Event "Sant Adria de Besos op 13th"]
[Site "Sant Adria de Besos"]
[Date "2017.04.23"]
[Round "1"]
[White "Costa Trave, Jaume"]
[Black "Talo Moya, Jordi"]
[Result "1-0"]
[WhiteElo "2099"]
[BlackElo "1816"]
[PlyCount "61"]
[EventDate "2017.04.23"]
[EventType "swiss"]
[EventRounds "9"]
[EventCountry "ESP"]
[SourceTitle "EXT 2018"]
[Source "ChessBase"]
[SourceDate "2017.10.13"]
[SourceVersion "1"]
[SourceVersionDate "2017.10.13"]
[SourceQuality "1"]

1. d4 d5 2. Nc3 e6 3. Bf4 Bb4 4. Qd3 a6 5. a3 Bd6 6. Nh3 Nf6 7. e3 0-0 8. Be2 Bxf4 9. Nxf4 b6 10. g4 g6 11. h4 Ne8 12. g5 Ng7 13. 0-0-0 c5 14. Rdg1 Bb7 15. h5 cxd4 16. exd4 Qc7 17. Qg3 Nf5 18. Qh2 Nxd4 19. Nfxd5 Qxh2 20. Nf6+ Kg7 21. Rxh2 Nxe2+ 22. Nxe2 Rh8 23. Rd1 Nc6 24. Rd7 Rab8 25. f4 Ba8 26. Nc3 Rbd8 27. h6+ Kf8 28. Rhd2 Rc8 29. Nce4 e5 30. Nd6 Ne7 31. Nxc8 1-0